Is Keynesian policy dead after all these years? (Registro nro. 29313)

Detalles MARC
000 -LEADER
fixed length control field 00356 a2200109 4500
001 - CONTROL NUMBER
control field ART_45394
005 - DATE AND TIME OF LATEST TRANSACTION
control field 20260410161939.0
008 - FIXED-LENGTH DATA ELEMENTS--GENERAL INFORMATION
fixed length control field 260409a
100 1# - MAIN ENTRY--PERSONAL NAME
Personal name Wray, L. Randall
245 10 - TITLE STATEMENT
Title Is Keynesian policy dead after all these years?
773 0# - HOST ITEM ENTRY
Title Journal of post Keynesian economics
Related parts - Vol. 17, Nº 2 (dic.1994/mar.1995)
Record control number REV26226

No hay ítems disponibles.